Crisis y recesiones económicas / (Record no. 64115)

MARC details
000 -LEADER
campo de control de longitud fija 00725nam a2200229 i 4500
001 - NÚMERO DE CONTROL
campo de control 64115
003 - IDENTIFICADOR DE NÚMERO DE CONTROL
campo de control ES-MaACL
005 - FECHA Y HORA DE LA ÚLTIMA TRANSACCIÓN
campo de control 20250829112153.0
007 - CAMPO FIJO DE DESCRIPCIÓN FÍSICA--INFORMACIÓN GENERAL
campo de control de longitud fija t|
008 - DATOS DE LONGITUD FIJA--INFORMACIÓN GENERAL
campo de control de longitud fija 031222s1971 sp ||||1| spa d
100 1# - ENTRADA PRINCIPAL--NOMBRE DE PERSONA
Nombre de persona Flamant, Maurice.
9 (RLIN) 51102
245 10 - MENCIÓN DEL TÍTULO
Título Crisis y recesiones económicas /
Mención de responsabilidad, etc. por Maurice Flamant y Jeanne Singer-Kerel ; [traducción de F. Minguella Rubio].
250 ## - MENCION DE EDICION
Mención de edición [1ª ed.].
260 ## - PUBLICACIÓN, DISTRIBUCIÓN, ETC.
Lugar de publicación, distribución, etc. Barcelona :
Nombre del editor, distribuidor, etc. Oikos-Tau,
Fecha de publicación, distribución, etc. [1971]
300 ## - DESCRIPCIÓN FÍSICA
Extensión 126 p. ;
Dimensiones 18 cm.
490 1# - MENCIÓN DE SERIE
Mención de serie ¿Qué sé? ;
Designación de volumen o secuencia 38
700 1# - ENTRADA AGREGADA--NOMBRE PERSONAL
Nombre de persona Singer-Kerel, Jeanne.
9 (RLIN) 106631
700 1# - ENTRADA AGREGADA--NOMBRE PERSONAL
Nombre de persona Minguella Rubio, F.
9 (RLIN) 81339
830 0# - PUNTO DE ACCESO ADICIONAL DE SERIE-TÍTULO UNIFORME
Título uniforme ¿Qué sé?
Designación de volumen o secuencia 38
9 (RLIN) 181382
852 ## - LOCALIZACIÓN
Ubicación ES-MaACL
Número de control de estantería C-44426
Sublocalización o colección R.77747
Holdings
Estatus retirado Estado de pérdida Estado de daño No para préstamo Biblioteca de origen Biblioteca actual Ubicación en estantería Fecha de adquisición Fuente de adquisición Total de préstamos Signatura topográfica completa Código de barras Visto por última vez Precio de reemplazo Tipo de ítem Koha
        Biblioteca del Ateneo de Madrid Biblioteca del Ateneo de Madrid Depósito 2 17/01/2008     C-44426 1067190 23/02/2023 23/02/2023 Libro impreso